| 000 | 01268nam a2200337 i 4500 | ||
|---|---|---|---|
| 001 | 000047531 | ||
| 003 | DO-SdBNP | ||
| 005 | 20250721145119.0 | ||
| 007 | ta | ||
| 008 | 150206s2007 dr ac 000 0 spa d | ||
| 020 | _a978945443172 | ||
| 040 |
_aDO-SdBNP _bspa _cBNPHU _erda |
||
| 082 |
_a332.11 _bB213ce _222 |
||
| 245 | 0 | 0 |
_aBanco Central : _b60 años de historia, arquitectura y arte / _cGustavo Luis Moré, Omar Rancier, Marianne de Tolentino, Roberto Segre. |
| 246 |
_aBanco Central _bsesenta años de historia, arquitectura y arte |
||
| 264 | 1 |
_aSanto Domingo : _bBanco Central de la República Dominicana, _c2007. |
|
| 300 |
_a181 paginas : _bilustraciones, retratos. ; _c29 cm. |
||
| 336 |
_atexto _btxt _2rdacontent |
||
| 337 |
_asin mediación _bn _2rdamedia |
||
| 338 |
_avolumen _bnc _2rdacarrier |
||
| 490 | 1 |
_aBanco Central de la República Dominicana _v99 |
|
| 490 | 1 |
_aArte y literatura _v39 |
|
| 500 | _aIncluye notas a pie de páginas | ||
| 590 | _aInventariado, 2018/ YL | ||
| 700 | 1 | 2 |
_aMoré, Gustavo Luis _913153 _eautor _4aut. |
| 700 | 1 | 2 |
_aRancier, Omar _957065 _eautor _4aut. |
| 700 | 1 | 2 |
_aTolentino, Marianne de _eautora _915222 _4aut. |
| 700 | 1 | 2 |
_aSegre, Roberto _d1934-2013 _eautor _959637 _4aut. |
| 910 | _aYLockward | ||
| 942 |
_2ddc _cLBS1 |
||
| 999 |
_c47019 _d47019 |
||